Estudio técnico acerca de la aplicación de las reglas para la demarcación de límites i especialmente del límite en la Cordillera de Los Andes, según se halla estipulado en los convenios internacionales entre Chile i la República Arjentina
Saved in:
| Hovedforfatter: | |
|---|---|
| Format: | Bog |
| Sprog: | spansk |
| Udgivet: |
Santiago
Imprenta Cervantes
1895
|
| Udgivelse: | 1a. ed |
| Fag: | |
| Tags: |
Tilføj Tag
Ingen Tags, Vær først til at tagge denne postø!
|
MARC
| LEADER | 00000nam a2200000 a 4500 | ||
|---|---|---|---|
| 001 | UCJ3043 | ||
| 003 | CL-VaPUC | ||
| 008 | 070124e18950000CL |||||||||||||||||spa|d | ||
| 082 | 0 | 4 | |a 983 |b BER |2 21 |
| 100 | 0 | |a Bertrand, Alejandro |e author |9 504177 | |
| 245 | 1 | 0 | |a Estudio técnico acerca de la aplicación de las reglas para la demarcación de límites i especialmente del límite en la Cordillera de Los Andes, según se halla estipulado en los convenios internacionales entre Chile i la República Arjentina |
| 250 | |a 1a. ed | ||
| 300 | |a 308 p | ||
| 942 | |c BK | ||
| 945 | |d 20070124 00:00:00 |a rinostro | ||
| 260 | |a Santiago |b Imprenta Cervantes |c 1895 | ||
| 500 | |a 6 mapas | ||
| 600 | 0 | 7 | |a CORDILLERA DE LOS ANDES |2 CL-VaPUC |9 357907 |
| 600 | 0 | 7 | |a MONTE ACONCAGUA |2 CL-VaPUC |9 504178 |
| 650 | 0 | |a Historia de Chile |9 265473 | |
| 650 | 0 | |a Derecho internacional |9 255637 | |
| 650 | 0 | |a Tratados internacionales |9 256056 | |
| 650 | 0 | |a Límites con Argentina |9 504170 | |
| 650 | 7 | |a CUESTIONES LIMITROFES |2 CL-VaPUC |9 504171 | |
| 650 | 7 | |a ESTRATIGRAFIA ANDINA |2 CL-VaPUC |9 504179 | |
| 650 | 0 | |a Mapas |9 260844 | |
| 651 | 7 | |a CHILE |2 CL-VaPUC |9 504180 | |
| 651 | 0 | |a Argentina |9 254888 | |
| 583 | |a last modification |c 20131003 04:37:45 |k Rodrigo Vera | ||
| 999 | |c 319166 |d 319164 | ||
| 952 | |0 0 |1 0 |4 0 |6 983_000000000000000_BER_1895 |7 0 |8 X |9 397412 |a FDOBUD |b FDOBUD |d 2019-11-22 |i 1009419 |o 983 BER 1895 |p 1009419 |r 2019-11-22 |w 2019-11-22 |y BK_X |k BUD | ||